Detalles MARC
| 000 -LIDER |
| fixed length control field |
01623nam a2200349 a 4500 |
| 001 - NÚMERO DE CONTROL |
| Identificador de número de control |
00132 |
| 003 - IDENTIFICACDOR DE NÚMERO DE CONTROL |
| control field |
DO-SdBNP |
| 005 - DATE AND TIME OF LATEST TRANSACTION |
| control field |
20180309110443.0 |
| 007 - CAMPOS FIJOS DE DESCRIPCIÓN FÍSICA |
| fixed length control field |
00132 |
| 008 - ELEMENTOS DE LONGITUD FIJA |
| fixed length control field |
160331b dr 2008 ||||| |||| 00| 0 spa d |
| 020 ## - ISBN |
| International Standard Book Number |
9789945111996 (v. 8) Guía |
| 020 ## - ISBN |
| International Standard Book Number |
9789945112641 (v. 8) Cuaderno |
| 040 ## - FUENTE DE CATALOGACIÓN |
| Agencia que crea de manera original el registro |
BPMSU |
| Idioma de catalogación |
spa |
| Agencia que realiza la transcripción |
BPMSU |
| 092 ## - LOCALLY ASSIGNED DEWEY DECIMAL CALL NUMBER |
| Número de clasificación |
372.7 |
| Número de ítem (Cutter) |
S237m 8vo. 2008 |
| 100 1# - ASIENTO PRINCIPAL -- NOMBRE PERSONAL |
| Nombre personal |
Santos, Altagracia |
| 245 10 - MENCIÓN DE TITULO |
| Título |
Matemáticas 8 : |
| Subtítulo |
educación básica / |
| Mención de responsabilidad |
Altagracia Santos ; dirección editorial Obdulia García de Escobar ; editor Andrés Molina Maloon |
| 260 ## - PUBLICACIÓN, DISTRIBUCIÓN, ETC. (PIE DE IMPRENTA) |
| Lugar de publicación, distribución, etc |
Santo Domingo : |
| Nombre del editor, distribuidor, etc. |
Santillana, |
| Fecha de publicación, distribución, etc |
2008. |
| 300 ## - DESCRIPCIÓN FÍSICA |
| Extensión |
2 v. : |
| Otros detalles físicos |
il., retrs. ; |
| Dimensiones |
30 cm. + |
| Material complementario |
CD-ROM |
| 490 1# - MENCIÓN DE SERIES |
| Mención de serie |
Coral |
| 505 0# - NOTA DE CONTENIDO |
| Información miscelánea |
Guía. v. 2. |
| Título |
Los números racionales -- |
| -- |
Operaciones con números racionales -- |
| -- |
Potencias y raíces -- |
| -- |
Los números reales -- |
| -- |
El lenguaje del álgebra -- |
| -- |
La función polinómica -- |
| -- |
Ecuaciones del primer grado -- |
| -- |
Inecuaciones de primer grado -- |
| -- |
Métrica del plano cartesiano -- |
| -- |
Transformaciones geométricas -- |
| -- |
Áreas y volumenes, I -- |
| -- |
Áreas y volumenes, II -- |
| -- |
Estadística y probabilidades -- |
| 650 #4 - ENCABEZAMIENTO DE MATERIA--TEMÁTICO |
| Término temático o nombre geográfico como elemento de entrada |
MATEMÁTICAS |
| Subdivisión temática general |
ENSEÑANZA ELEMENTAL |
| 650 #4 - ENCABEZAMIENTO DE MATERIA--TEMÁTICO |
| Término temático o nombre geográfico como elemento de entrada |
EDUCACIÓN PRIMARIA |
| Subdivisión geográfica |
REPÚBLICA DOMINICANA |
| 650 #4 - ENCABEZAMIENTO DE MATERIA--TEMÁTICO |
| Término temático o nombre geográfico como elemento de entrada |
MATEMÁTICAS |
| Subdivisión temática general |
LIBROS DE TEXTOS |
| 650 #4 - ENCABEZAMIENTO DE MATERIA--TEMÁTICO |
| Término temático o nombre geográfico como elemento de entrada |
MATEMÁTICAS |
| Subdivisión temática general |
ESTUDIOS Y EJERCICIOS |
| 700 12 - ASIENTO SECUNDARIO -- NOMBRE PERSONAL |
| Nombre personal |
García de Escobar, Obdulia, |
| Mención de responsabilidad |
dir. ed. |
| 830 #0 - ASIENTO SECUNDARIO DE SERIE--TÍTULO UNIFORME |
| Título uniforme |
Coral |
| 910 ## - VALIDACIÓN |
| Validación |
Validado. Control de calidad MFF |
| 942 ## - ADDED ENTRY ELEMENTS (KOHA) |
| Source of classification or shelving scheme |
Dewey Decimal Classification |
| Koha item type |
Libros |
| 945 ## - INFORMACIÓN DE PROCESAMIENTO LOCAL |
| Información de procesamiento local |
Remanejado para la BNPHU / 2018 VM |
| 956 ## - LOCAL ELECTRONIC LOCATION AND ACCESS (OCLC) |
| Nombre de host |
VMATEO |
| Número de acceso |
10 |
| Información de compresión |
20150706 |
| Inicio de sesión |
BPMSU |
| Procesador de solicitud |
00151 |
| 956 ## - LOCAL ELECTRONIC LOCATION AND ACCESS (OCLC) |
| Nombre de host |
BTAVÁREZ |
| Número de acceso |
10 |
| Información de compresión |
20160104 |
| Inicio de sesión |
BPMSU |
| Procesador de solicitud |
00132 |